| 000 | 02418nam a2200373 a 4500 | ||
|---|---|---|---|
| 001 | 54747 | ||
| 003 | AR-BaAGN | ||
| 005 | 20250715133051.0 | ||
| 007 | ta | ||
| 008 | s ag |||||r|||| ||| ||spa d | ||
| 020 | _a978-950-698-559-2 | ||
| 040 |
_aAR-BaAGN _bspa _eaacr |
||
| 100 | 1 | 0 |
_aGerchunoff, Alberto, _d1883-1950 _9102 _eaut |
| 245 |
_aLa obra literaria / _cAlberto Gerchunoff ; dirección de las obras completas: Mónica Szurmuk ; dirección del volumen: Melina Di Miro ; colaboraciones: Karina Galperin ... [et al.]. |
||
| 250 | _a1a ed. | ||
| 260 |
_aParaná : _bUniversidad Nacional de Entre Ríos, UNER, _c2023. |
||
| 300 |
_a784 páginas _c23 cm. |
||
| 336 |
_btxt _2rdacontent |
||
| 337 |
_bn _2rdamedia |
||
| 338 |
_bnc _2rdacarrier |
||
| 490 | 0 |
_aTierra de Letras _v7 |
|
| 500 | _aBibliografía: p. 727-730. | ||
| 500 | _aNotas: p. 731-782. | ||
| 500 | _aIncluye notas y referencias bibliográficas a pie de página. | ||
| 505 | 0 | 0 | _aIntroducción / Mónica Szurmuk -- Alberto Gerchunoff. La Obra Literaria -- Cuentos de ayer, las sutiles osadías de la escritura literaria / Melina Di Miro -- Cuentos de ayer / Alberto Gerchunoff -- La asamblea de la bohardilla: un debate imaginario sobre la realidad / Melina Di Miro -- La asamblea de la bohardilla / Alberto Gerchunoff -- Historias y proezas de amor y Pequeñas prosas: los años cosmopolitas de Alberto Gerchunoff / Karina Galperin -- Historias y proezas de amor / Alberto Gerchunoff -- Pequeñas prosas / Alberto Gerchunoff -- El hombre que escribió en Buenos Aires / Perla Sneh -- El hombre que habló en la Sorbona / Alberto Gerchunoff -- Ni Yrigoyen ni Uriburu: las importantes advertencias de un escritor responsable / Melina Di Miro -- El hombre importante / Alberto Gerchunoff -- La clínica del Doctor Mefistófeles: un nuevo texto fáustico en la literatura argentina / Lila Bujaldón de Esteves -- La clínica del Doctor Mefistófeles / Alberto Gerchunoff -- Misceláneas cotidianas y sensibles / Melina Di Miro -- Misceláneas / Alberto Gerchunoff -- Cronología -- Bibliografía básica -- Notas. |
| 600 | 1 | 4 |
_aGerchunoff, Alberto, _d1883-1950 _9102 |
| 655 | _aNarrativa Argentina | ||
| 700 | 1 |
_aSzurmuk, Mónica, _d1961- _eedt _eaui |
|
| 700 | 1 |
_aDi Miro, Melina _eaut _eedt |
|
| 700 | 1 |
_aBujaldón de Esteves, Lila _eaut |
|
| 700 | 1 |
_aGalperin, Karina _eaut |
|
| 700 | 1 |
_aSneh, Perla, _d1952- _eaut |
|
| 942 |
_cLIBRO _n0 |
||
| 999 |
_c54747 _d54747 |
||